书目信息 |
| 题名: |
泰戈尔抒情诗
|
|
| 作者: | 泰戈尔 著 | |
| 分册: | ||
| 出版信息: | 合肥 安徽文艺出版社 1995.05 |
|
| 页数: | 248页 | |
| 开本: | 20cm | |
| 丛书名: | ||
| 单 册: | ||
| 中图分类: | I251.24 | |
| 科图分类: | ||
| 主题词: | 报告文学--中国 , 传记文学--中国 | |
| 电子资源: | ||
| ISBN: | 7-5396-1322-X | |
| 000 | 00566nam0 2200205 450 | |
| 001 | 0659431546 | |
| 005 | 20061109163213.35 | |
| 010 | @a7-5396-1322-X@dCNY6.20 | |
| 100 | @a20061109d1995 km y0chiy0120 ea | |
| 101 | 0 | @achi |
| 102 | @aCN@b340000 | |
| 200 | 1 | @a泰戈尔抒情诗@Atai ge er shu qing shi@f泰戈尔著@Ftai ge er zhu |
| 210 | @a合肥@c安徽文艺出版社@d1995.05 | |
| 215 | @a248页@d20cm | |
| 606 | 0 | @a报告文学@x中国 |
| 606 | 0 | @a传记文学@x中国 |
| 690 | @aI251.24@v3 | |
| 701 | 0 | @a泰戈尔@Atai ge er@4著 |
| 801 | 0 | @aCN@bPFT@c20061109 |
| 905 | @a10447@dI251.24@e49 | |
| 泰戈尔抒情诗/泰戈尔著.-合肥:安徽文艺出版社,1995.05 |
| 248页;20cm |
| ISBN 7-5396-1322-X:CNY6.20 |
| ● |
| 相关链接 |
|
|
|
|
正题名:泰戈尔抒情诗
索取号:I251.24/49
 
预约/预借
| 序号 | 登录号 | 条形码 | 馆藏地/架位号 | 状态 | 备注 |
| 1 | 0275254 | 202116129 | 第一样本阅览室/ [索取号:I251.24/49] | 在馆 |